000 00504ntaaa2200193 4500
003 01
005 20251027202359.0
008 0714s1973 ag 01
040 _aAR-BaBN
_bspa
_cAR-BaBN
_eaacr
_dRIC
082 _a282.0190 St5
100 _aStilson, Max
_921854
245 _aHow to deal with roman catholics
250 _a1 ed.
260 _aGrand Rapids :
_bZondervan Publishing House,
_cc1963
300 _a66 p
500 _aComo ganar a los católicos
650 _acatolicismo
_9316
942 _cBK
999 _c18688
_d18688